| 000 | 00704nam a2200265Ia 4500 | ||
|---|---|---|---|
| 005 | 20250425162245.0 | ||
| 008 | 250425s9999 xx 000 0 und d | ||
| 020 | _a8572271619 | ||
| 041 | _apor | ||
| 082 | _a333.765 | ||
| 245 | 0 | _aENSAIOS SOBRE A SUSTENTABILIDADE DA MINERAĆAO NO BRASIL | |
| 250 | _aS.E. | ||
| 260 |
_aBrasil _bS.E. _c2001 |
||
| 260 | _aRIO DE JANEIRO | ||
| 300 | _a130 | ||
| 500 | _aDADO DE BAJA POR OBSOLETO EL 25/02/2011 | ||
| 650 | _aANALISIS COMPARATIVO | ||
| 650 | _aBRASIL-MINERIA | ||
| 650 | _aDESARROLLO SOSTENIBLE | ||
| 650 | _aMEDIO AMBIENTE-LEGISLACION | ||
| 650 | _aMINERO-AMBIENTAL | ||
| 650 | _aTIERRAS EN MINERIA | ||
| 942 | _c01 | ||
| 010 | _a58940 | ||
| 999 |
_c225541 _d225541 |
||